Anagrammes actrices françaises de cinéma - Statistiques

Statistiques générales
  • Ce quiz a été pris 830 fois
  • Le résultat moyen est 15 sur 26
Statistiques - réponses
Anagramme Prénom de l'actrice Nom de l'actrice % Correct
Radant Fanny Ardant
93%
Bordât Brigitte Bardot
93%
Boniche Juliette Binoche
89%
Tan Marie José Nat
84%
Fort Catherine Frot
82%
Berta Emmanuelle Beart
81%
Ormeau Jeanne Moreau
77%
Driva Karin Viard
64%
TrIgones Simone Signoret
62%
Lacerie Clémentine Célarié
61%
Ingérés Emmanuelle ou Mathilde Seigner
61%
Loden Nathalie Delon
60%
Agaric Nicole Garcia
58%
Crémier Michèle Mercier
58%
Folant Pauline ou Bernadette Lafont
48%
Linge Fiona Gelin
47%
Douars Jackie Sardou
47%
Perles Micheline Presle
43%
Alors Agnès Soral
43%
Ariel Cristiana Reali
40%
Cordela Françoise Dorleac
39%
Orgie Bulle Ogier
36%
Arnaud Stephane Audran
35%
Cagnes Claude Gensac
35%
Essaimer Valérie Mairesse
33%
Obtenu Claire Nebout
23%
Aucun quiz correspondant
Distribution des résultats
% des personnes avec chaque résultat
Percentile par nombre de réponses
Votre historique - résultats
Vous n’avez pas pris ce quiz